Pokemon ou footballeur #3 - Statistiques

Statistiques générales
  • Ce quiz a été pris 71 fois
    61 depuis la dernière actualisation
  • Le résultat moyen est 17 sur 22
Statistiques - réponses
Question Réponse % Correct
Shaqiri Footballeur
98%
Ekitike Footballeur
97%
Paquetd'monnaie Ni l'un ni l'autre
97%
Machoc Pokemon
95%
Lukeba Footballeur
93%
Xhaka Footballeur
92%
Elektek Pokemon
92%
Cahill Footballeur
90%
Moura Footballeur
90%
Pjanic Footballeur
88%
Stari Pokemon
85%
Marill Pokemon
80%
Yann Moix Ni l'un ni l'autre
76%
Pijako Pokemon
71%
Xari Ni l'un ni l'autre
69%
Hurrikane Ni l'un ni l'autre
69%
Yanmega Pokemon
69%
Suicune Pokemon
68%
Yanma Pokemon
66%
Yamsha Ni l'un ni l'autre
54%
Karabec Footballeur
36%
Melo Les deux
31%
Aucun quiz correspondant
Distribution des résultats
% des personnes avec chaque résultat
Percentile par nombre de réponses
Votre historique - résultats
Vous n’avez pas pris ce quiz depuis la dernière actualisation